| 000 | 00897nam a22002297a 4500 | ||
|---|---|---|---|
| 999 |
_c12463 _d12463 |
||
| 005 | 20251125232836.0 | ||
| 008 | s2545 th tha d | ||
| 020 | _a9743227733 | ||
| 040 | _aNALT | ||
| 041 | _atha | ||
| 050 | _aDS588.E8 ศ255อ 2545 | ||
| 100 | 0 | _aศรีศักร วัลลิโภดม | |
| 245 | 1 | 0 | _aอารยธรรมฝั่งทะเลตะวันออก |
| 260 | 3 |
_aกรุงเทพฯ : _bมติชน, _c2545 |
|
| 300 |
_a255 หน้า : _b ภาพประกอบ, แผนที่ ; _c 21 ซม. |
||
| 650 | 0 | 4 | _aโบราณคดี -- ไทย (ภาคตะวันออก) |
| 650 | 0 | 4 | _aไทย (ภาคตะวันออก) -- ประวัติศาสตร์ |
| 850 | _aNALT | ||
| 856 | 4 | 0 |
_uhttps://hdl.handle.net/20.500.14156/386472 _71 |
| 942 |
_cGB _2lcc |
||